000 01046 a2200253 4500
003 Nust
005 20170207171536.0
010 _a 2005016320
020 _a0470011947 (cloth : alk. paper)
020 _a9780470011942
035 _a(OCoLC)ocm60669020
040 _cNust
082 0 0 _a005.8
100 1 _aNakhjiri, Madjid.
245 1 0 _aAAA and network security for mobile access: radius, diameter, EAP, PKI and IP mobility (EBOOK)
_cMadjid Nakhjiri and Mahsa Nakhjiri.
260 _aChichester, England ;
_aHoboken, NJ :
_bJohn Wiley & Sons,
_cc2005.
300 _axx, 295 p. :
_bill. ;
_a26 cm.
650 0 _aMobile computing
_xSecurity measures.
650 0 _aWireless Internet
_xSecurity measures.
700 1 _aNakhjiri, Mahsa.
856 4 1 _3Contributor biographical information
_uhttp://www.loc.gov/catdir/enhancements/fy0653/2005016320-b.html
856 4 1 _3Publisher description
_uhttp://www.loc.gov/catdir/enhancements/fy0645/2005016320-d.html
856 4 1 _3Table of contents only
_uhttp://www.loc.gov/catdir/toc/ecip0514/2005016320.html
942 _2ddc
_cBK
999 _c217270
_d217270